000 00239nam a2200121Ia 4500
003 LDD
040 _cLDD
041 _aen
245 0 _aProspects: Education in
260 _c1 Jan-31 Dec,2006
362 _a36-36
_b01-Apr
942 _2ddc
_cJ
999 _c179334
_d179334